<?xml version="1.0" encoding="UTF-8"?><?xml-stylesheet type="text/xsl" href="static/style.xsl"?><OAI-PMH xmlns="http://www.openarchives.org/OAI/2.0/" xmlns:xsi="http://www.w3.org/2001/XMLSchema-instance" xsi:schemaLocation="http://www.openarchives.org/OAI/2.0/ http://www.openarchives.org/OAI/2.0/OAI-PMH.xsd"><responseDate>2026-06-02T07:25:00Z</responseDate><request verb="GetRecord" identifier="oai:riuma.uma.es:10630/45626" metadataPrefix="marc">https://riuma.uma.es/rest/oai/request</request><GetRecord><record><header><identifier>oai:riuma.uma.es:10630/45626</identifier><datestamp>2026-02-21T00:46:20Z</datestamp><setSpec>com_10630_2254</setSpec><setSpec>col_10630_37953</setSpec></header><metadata><record xmlns="http://www.loc.gov/MARC21/slim" xmlns:dcterms="http://purl.org/dc/terms/" xmlns:doc="http://www.lyncode.com/xoai" xmlns:xsi="http://www.w3.org/2001/XMLSchema-instance" xsi:schemaLocation="http://www.loc.gov/MARC21/slim http://www.loc.gov/standards/marcxml/schema/MARC21slim.xsd">
   <leader>00925njm 22002777a 4500</leader>
   <datafield ind2=" " ind1=" " tag="042">
      <subfield code="a">dc</subfield>
   </datafield>
   <datafield ind2=" " ind1=" " tag="720">
      <subfield code="a">Castilla-Ortega, Marina</subfield>
      <subfield code="e">author</subfield>
   </datafield>
   <datafield ind2=" " ind1=" " tag="260">
      <subfield code="c">2024</subfield>
   </datafield>
   <datafield ind2=" " ind1=" " tag="520">
      <subfield code="a">El narcisismo es objeto de reflexiones y producciones artísticas, desde sus orígenes en el mito ovidiano (Ca. siglos I a.C.-I d.C.) hasta el “Narcisismo contemporáneo” de la era selfie. Con ello, el objetivo del presente estudio se centra en la definición de sus rasgos centrales y análisis iconológico en manifestaciones artísticas de los siglos XX y XXI. Metodología: Junto con la mitología, se define el narcisismo paradigmático a partir de las tesis psicoanalíticas freudianas (1914) y lacanianas (1949) y del diagnóstico clínico del DSM-5 (2014). Para el análisis de las obras artísticas, se consultan las publicaciones de Iribas (2004), Allepuz-García, (2018) y Triana (2011), entre otras. Resultados: Las premisas de Freud y Lacan siguen muy arraigadas en el arte contemporáneo y actual. Sin embargo, también se desarrollan otras líneas a favor de un narcisismo “positivo” frente al patológico. Discusión: Se derivan patrones narcisistas como la autorreferencialidad sublimada o el exhibicionismo. Sin embargo, se localizan puntos de inflexión que, paradójicamente, vinculan al narcisismo con la reflexión crítica, la creatividad y la empatía. Conclusiones: Aunque las teorías narcisistas de antaño siguen en alza en terreno del arte de vanguardia, actualmente surgen otras alternativas rupturistas de sus prejuicios.</subfield>
   </datafield>
   <datafield ind1="8" ind2=" " tag="024">
      <subfield code="a">Castilla Ortega, M. (2024). Narcisismo: cultura visual contemporánea. EPSIR (European Public &amp; Social Innovation Review), 9, 1-15. https://doi.org/10.31637/epsir-2024-557</subfield>
   </datafield>
   <datafield ind1="8" ind2=" " tag="024">
      <subfield code="a">https://hdl.handle.net/10630/45626</subfield>
   </datafield>
   <datafield ind1="8" ind2=" " tag="024">
      <subfield code="a">10.31637/epsir-2024-557</subfield>
   </datafield>
   <datafield tag="653" ind2=" " ind1=" ">
      <subfield code="a">Narcisismo</subfield>
   </datafield>
   <datafield ind2="0" ind1="0" tag="245">
      <subfield code="a">Narcisismo: cultura visual contemporánea</subfield>
   </datafield>
</record>
</metadata></record></GetRecord></OAI-PMH>